Microsoft Office 97 : Podrobný průvodce začínajícího uživatele

Gespeichert in:
Bibliographische Detailangaben
Format: Buch
Sprache:Tschechisch
Veröffentlicht: Praha : Grada, 1997
Tags: Tag hinzufügen
Keine Tags, Fügen Sie das erste Tag hinzu!

MARC

LEADER 00000nam a22000003a 4500
001 stu30477
005 20150408181117.1
008 971118s1997----cs------------------cze-d
020 |a 80-7169-546-7 
040 |a STU  |b slo 
041 0 |a cze 
044 |a cs 
080 |a 519.68 
245 |a Microsoft Office 97 :  |b Podrobný průvodce začínajícího uživatele 
260 |a Praha :  |b Grada,  |c 1997 
300 |a 381 s 
996 |b 284V007962  |c V*44854/O-19571a  |l VVS  |s A  |a 24  |w stu30477_0001